Jakie wydarzenie w życiu sprawia, że odczuwamy wyjątkowe szczęście? - Statystyki

Ogólne statystyki
  • Ten quiz został rozwiązany 18 razy
  • Średni wynik to 2 z 7
Statystyki odpowiedzi
Odpowiedź % Poprawnych
Ślub
100%
Narodziny dziecka
67%
Urodziny
25%
Awans w pracy
8%
Chrzciny
8%
Wygrana w Loterii
0%
Zdanie egzaminu
0%
Nie znaleziono quizów pasujących do podanych kryteriów
Rozkład punktacji
Procent ludzi z każdym wynikiem
Percentyl według liczby udzielonych odpowiedzi
Twoja historia wyników
Nie rozwiązałeś tego quizu